书目信息 |
| 题名: |
体育建筑空调设计
|
|
| 作者: | 邹朋琴 , 贺绮华 编著 | |
| 分册: | ||
| 出版信息: | 北京 中国建筑工业出版社 1991.01 |
|
| 页数: | 211页 | |
| 开本: | 32开 | |
| 丛书名: | ||
| 单 册: | ||
| 中图分类: | TU246 | |
| 科图分类: | ||
| 主题词: | 民用建筑--建筑设计 | |
| 电子资源: | ||
| ISBN: | 7-112-01194-9 | |
| 000 | 00615nam0 2200205 45 | |
| 001 | 0009211122 | |
| 005 | 20001021103835.7 | |
| 010 | @a7-112-01194-9@d5.80元 | |
| 100 | @a20000921d1991 km y0chiy0120 ea | |
| 101 | 0 | @achi |
| 105 | @a z 000yy | |
| 200 | 1 | @a体育建筑空调设计@ATi Yu Jian Zhu Kong Diao She Ji@f邹朋琴,贺绮华编著@FZou Peng Qin,He Qi Hua Bian Zhu |
| 210 | @a北京@c中国建筑工业出版社@d1991.01 | |
| 215 | @a211页@d32开 | |
| 606 | 0 | @a民用建筑@x建筑设计 |
| 690 | @aTU246@v3 | |
| 701 | 0 | @a邹朋琴@4编著 |
| 701 | 0 | @a贺绮华@4编著 |
| 801 | @aCN@bPftUser@c20000921 | |
| 905 | @dTU246@eZH695@b179970-974@f5 | |
| 体育建筑空调设计/邹朋琴,贺绮华编著.-北京:中国建筑工业出版社,1991.01 |
| 211页;32开 |
| ISBN 7-112-01194-9:5.80元 |
| ● |
| 相关链接 |
|
|
|
正题名:体育建筑空调设计
索取号:TU246/ZH695
 
预约/预借
| 序号 | 登录号 | 条形码 | 馆藏地/架位号 | 状态 | 备注 |
| 1 | 179970 | 201799704 | 自科二线404/404自科库 20排2列3层/ [索取号:TU246/ZH695] | 在馆 | |
| 2 | 179971 | 201799713 | 自科二线404/404自科库 24排4列1层/ [索取号:TU246/ZH695] | 在馆 | |
| 3 | 179972 | 201799722 | 自科二线404/404自科库 24排4列1层/ [索取号:TU246/ZH695] | 在馆 | |
| 4 | 179973 | 201799731 | 建筑库101/101建筑库 105排3列4层/ [索取号:TU246/ZH695] | 在馆 | |
| 5 | 179974 | 201799740 | 自科二线404/404自科库 24排4列1层/ [索取号:TU246/ZH695] | 在馆 |